01161nam a2200277Ia 4500003000900000008004100009020001800050040001600068080002200084111008800106245024800194260004200442300001500484490002600499500002600525650004100551650003400592650002700626650002700653700002500680700002000705710003800725942000700763999001500770952009800785IN-BaIIA211028s9999 xx 000 0 eng d a90-277-0246-2 cIIA Library a082.2:52bIAU-S49 aInternational Astronomical Union Symposiumn49thcArgentinad1971 Oct. 18-24912939 0aWolf-rayet and high temperature starsbproceedings of the International Astronomical Union symposium No.49 held in Buenos Aires Argentina, August 9-14, 1971cedited by M. K. V. Bappu and J. Sahade  aDordrechtbD. Reidel Publishingc1973 axiv, 263p. aIAU Symposium; no. 49 aDonated by Mrs. Bappu aAstronomy and Astrophysics Thesaurus aCircumstellar envelopes93685 aHigh temperature stars aWolf Rayet stars97146 aBappu, M. K. V., ed. aSahade, J., ed. aInternational Astronomical Union  cBK c7651d7651 00104070aBANbBANcGENd1983-07-25l0o082.2:52/ IAU-S49p8465r2021-11-05w1983-07-25yBK